| 000 | 00356nam a22001577a 4500 | ||
|---|---|---|---|
| 003 | SGT | ||
| 020 | _a9788181914958 | ||
| 082 |
_a617.432 _bP18T |
||
| 100 | _aTandon Shobha | ||
| 245 | _aPaediatric Dentistry | ||
| 250 | _a3rd | ||
| 260 |
_aNEW DELHI _bPARAS MEDICAL PUBLISHER _c2018 |
||
| 300 | _a1586 | ||
| 650 | _aPEDODONTICS | ||
| 942 |
_2ddc _cBK _0156 |
||
| 999 |
_c20832 _d20832 |
||